| 000 | 01184nam a2200313 4500 | ||
|---|---|---|---|
| 001 | 0000013006 | ||
| 003 | CO-CtgCURN | ||
| 005 | 20250506203458.0 | ||
| 008 | 160627s1986 000 0 eng d | ||
| 020 | _a9681601815 | ||
| 040 |
_aCO-CtgCURN _bspa _ccoctgcurn |
||
| 082 | 0 |
_a155.4 _bS637 |
|
| 100 | 1 | _aSpitz, Rene A. | |
| 245 | 1 | 0 |
_aEl primer año de vida del niño / _cRene A. Spitz y W. Godfrey Cobliner , traducción de Manuel de la Escalera. |
| 260 |
_aMexico : _bFondo de Cultura Economica, _c1986. |
||
| 300 | _a294 p. | ||
| 336 | _2rdacontent | ||
| 337 |
_2rdamedia _asin mediacion _bn |
||
| 338 |
_2rdacarrier _avolumen _bnc |
||
| 490 | 1 | _aBiblioteca de psicología y psicoanálisis / Ramon de la Fuente | |
| 500 | _aTraducción de: The first year of life. | ||
| 504 | _aBibliografia (p. 261-277) | ||
| 505 | 8 | _aObjeto libidinal.--La plasticidad de la psique infantil.--Perturbaciones psicotoxicas.--Enfermedades defectivas emocionales del infante | |
| 650 | 0 | _aPsicología infantil. | |
| 700 | 1 | _aCobliner, W. Godfrey. | |
| 908 | _a160627 | ||
| 942 |
_cBK _h155.4 _iS637 _2ddc |
||
| 999 |
_c48101 _d48101 _x1 |
||